Stochastičeskije uravnenija dlja složnych sistem
Salvato in:
| Natura: | Libro |
|---|---|
| Lingua: | russo |
| Pubblicazione: |
Moskva
Nauka
1983
|
| Serie: | Teorija verojatnostej i matematičeskaja statistika
|
| Tags: |
Nessun Tag, puoi essere il primo ad aggiungerne!!
|
MARC
| LEADER | 00000nam a2200000 4500 | ||
|---|---|---|---|
| 001 | c116028 | ||
| 005 | 20260128112213.0 | ||
| 041 | 0 | |a rus | |
| 044 | |a RU | ||
| 245 | 1 | 0 | |a Stochastičeskije uravnenija dlja složnych sistem |c Anatolij Vladimirovič Skorochod |
| 264 | 1 | |a Moskva |b Nauka |c 1983 | |
| 300 | |a 189 s. | ||
| 490 | 1 | |a Teorija verojatnostej i matematičeskaja statistika | |
| 830 | 0 | |a Teorija verojatnostej i matematičeskaja statistika | |